000 005020000a22001570004500
001 002808
003 MACL
040 _aMACL
090 _c14801
_d14800
100 _aChattopadhyaya, D.P
245 _aHistory Of Science , Philosophy And Culture In Indian CivilizationIndian Consciousness, Indian Psychology And Yoga
_bVOL XI Part 3
_cD.P Chattopadhyaya
260 _aProject Of History Of Indian Science, Philosophy And Cultuer,
_c2004
350 _a1460
650 _aPsychology
942 _k150
_cBook
999 _c14716
_d14716